| 000 | 00588nam a2200217 u 4500 | ||
|---|---|---|---|
| 005 | 20240925065626.0 | ||
| 008 | 180924s2017 mx r 000 0 spa d | ||
| 020 | _a9786079764272 | ||
| 035 | _aUPN01000226807 | ||
| 049 | _aCG | ||
| 050 | 4 |
_aBD241 _bR8.2 |
|
| 100 | 1 |
_aRuiz Muñoz, Mauricio _942180 |
|
| 245 | 1 | 4 |
_aLos caminos de la hermenéutica en México / _cMauricio Ruiz Muñoz. |
| 260 |
_aMéxico : _bItaca, _c2017. |
||
| 300 | _a123 p. | ||
| 650 | 4 |
_aHermenéutica _95799 |
|
| 650 | 4 |
_aFilosofía _95327 |
|
| 650 | 4 |
_aSociología _95756 |
|
| 905 | _aLibro | ||
| 999 |
_c198903 _d198903 |
||